000 00216nam a2200097Ia 4500
005 20251222114347.0
008 251222s1900||||xx |||||||||||||| ||spa||
082 _aDVD0070/A96/2003
245 0 _aDreams:Yume
942 _cDVD
999 _c1081
_d1081